000
00301nam a22001217a 4500
008
170505b xxu||||| |||| 00| 0 eng d
041
_a
ALB
080
_a
347
100
_a
14
101
_a
SHJ
245
_a
UDHEZUES MBI PRAKTIKEN NDERKOMBETARE TTE DREJTAVE NJERIUT
_c
HANNUN.H
942
_2
udc
_c
BK
999
_c
12785
_d
12785